Ľudskoprávne aspekty hospodárskej súťaže antitrust z pohľadu ľudských práv

Bibliographic Details
Main Author: Patakyová, Mária T., 1991- (Author)
Format: Book
Language:Slovak
PhysicalDescription:214 strán 21 cm
Published: Bratislava Wolters Kluwer SR s.r.o. 2019
ISBN:9788057100027
Subjects:

MARC

LEADER 00000cam a2200000 4500
001 vtls011845166
003 SK-MaSNL
005 20260301144935.0
008 210624s2019 xo f ab 000 0 slo
015 |a SNBA2019/07 
020 |a 9788057100027  |q (brožované) 
035 |a EC259731-0F5D-4354-A41B-435F2A69928A 
035 |a urn:nbn:sk:snk-am3iewg 
035 |a urn:nbn:sk:snk-am00e7dq 
040 |a SNK  |b slo  |c SNK  |e rda 
041 0 |a slo  |b eng 
044 |a xo  |c SK 
072 7 |a 342  |x Ústavné právo. Správne právo  |2 konspekt 
072 7 |a 339  |x Obchod  |2 konspekt 
080 |a 339.137  |2 2011 
080 |a 342.7  |2 2011 
080 |a 339.13.025.2  |2 2001 
080 |a 34.021-021.263  |2 2011 
080 |a (048.8)  |2 2011 
100 1 |a Patakyová, Mária T.,  |d 1991-  |4 aut  |9 222549 
245 1 0 |a Ľudskoprávne aspekty hospodárskej súťaže  |b antitrust z pohľadu ľudských práv  |c Mária T. Patakyová 
264 1 |a Bratislava  |b Wolters Kluwer SR s.r.o.  |c 2019 
300 |a 214 strán  |c 21 cm 
336 |a text  |b txt  |2 rdacontent 
337 |a bez média  |b n  |2 rdamedia 
338 |a zväzok  |b nc  |2 rdacarrier 
504 |a Bibliografia na strane 191-214 ; bibliografické odkazy 
546 |a Anglické resumé 
650 0 7 |a hospodárska súťaž  |2 SNKPH  |9 2280 
650 0 7 |a Economic competition  |2 SNKPHeng  |9 340358 
650 0 7 |a ľudské práva  |2 SNKPH  |9 798 
650 0 7 |a Human rights  |2 SNKPHeng  |9 265688 
650 0 7 |a ochrana hospodárskej súťaže  |2 SNKPH  |9 335892 
650 0 7 |a Competition policy  |2 SNKPHeng  |9 335893 
650 0 7 |a zásada proporcionality  |2 SNKPH  |9 185676 
650 0 7 |a Principle of proportionality  |2 SNKPHeng  |9 443911 
655 7 |a monografie  |2 SNKPH  |9 70139 
655 7 |a Monographs  |2 SNKPHeng  |9 120675 
919 |a 978-80-571-0002-7 
958 |a NB 
999 |c 778639  |d 780569 
952 |a SNK  |b SNK  |y PREZ  |7 0  |p 17A1374206  |o snkSC 184922  |i snk2019/17661  |8 0  |0 0  |1 0  |4 0  |d 2019-06-28  |f 1  |l 0  |r 2026-02-24 00:57:00  |w 2026-02-24 
952 |a SNK  |b SNK  |y VYP  |7 0  |p 17A1374207  |o snkSC 184922 D1  |i snk2019/17662  |8 0  |0 0  |1 0  |4 0  |d 2019-06-28  |l 0  |r 2026-02-24 00:57:00  |w 2026-02-24